000 00521nam a2200193 a 4500
001 1770288092586
003 YourLibrary
005 20260205161446.0
008 260205s2009##################000#0#eng##
020 _a9780870138386
082 0 4 _a305.896
_bDOD
100 1 _aDodson, Howard,
_eauthor.
245 1 0 _aThe Black Condition :
260 _bSchomburg Studies on the Black,
_c2009.
300 _a304 pages
650 0 _aBiography & Autobiography.
942 _cENGLISH
040 _aYourLibrary
_beng
_cYourLibrary
999 _c610613
_d610613